000 00488nam a2200181Ia 4500
999 _c27818
_d27818
003 OSt
005 20201124100135.0
008 190216s9999||||xx |||||||||||||| ||und||
020 _a9788171307418
040 _coclc
082 _a894.8123
_bVAL/A
100 _aValsala, P
_96547
245 0 _aAgneyam /
_cP Valsala
260 _bDc Books,
_c1998.
_aKottayam:
300 _a263p
650 _aMalayalam Novel
942 _cBK
_2ddc
_h894.8123
_iVAL/A
_k894.8123
_mVAL/A